| 000 | 00656nam a2200217 i 4500 | ||
|---|---|---|---|
| 001 | 81865 | ||
| 003 | ES-MaACL | ||
| 005 | 20260525062928.0 | ||
| 007 | t| | ||
| 008 | 041108s1942 ag |||| | spa d | ||
| 080 | _a821.134.2(899)-14"19" | ||
| 100 | 1 |
_aIbarbourou, Juana de _964946 |
|
| 245 | 1 | 0 |
_aPoemas / _cJuana de Ibarbourou. |
| 250 | _a1ª ed. especialmente autorizada. | ||
| 260 |
_a[Buenos Aires] : _bEspasa-Calpe, _c1942 ( _fCía. Gral. Fabril Financiera) |
||
| 300 |
_a152 p. ; _c18 cm. |
||
| 490 | 1 |
_aColección austral ; _v265 |
|
| 830 | 0 |
_aColección austral _v265 _9177655 |
|
| 852 |
_aES-MaACL _jG-15668 |
||
| 999 |
_c81865 _d81865 |
||